00638 2200193 4500001002100000005001500021035002000036245011300056100001800169250002000187300004800207856002200255700006200277260004800339082000800387084001400395020002200409650001300431INLIS00000000114848620260602011712 a0010-06260000191 aBersibuk dalam Kebaikan /cPenulis: Inayah Natsir, Editor: Reski Indah Sari, Desain sampul: Wulan Nugrahaini0 aInayah Natsir aCetakan Pertama avi + 151 halaman :b- ;c14 x 20 cmeKertas aPerpustakaan Umum0 aEditor: Reski Indah Sari, Desain sampul: Wulan Nugrahaini aMakassar :bPenerbit Shofia - CV Loe,c2020 a297 a297 INA b a978-602-5862-42-7 4aMOTIVASI